Statistics for All NAV Songs

Click here to take the quiz!

General Stats

  • This quiz has been taken 69 times
    (25 since last reset)
  • The average score is 57 of 141

Answer Stats

AlbumSong% Correct
RecklessChampion
91%
Perfect TimingMinute
86%
The IntroductionMyself
86%
NAVNAV
82%
Perfect TimingASAP Ferg
77%
Perfect TimingCall Me
73%
Bad HabitsTap
73%
Good IntentionsTurks
73%
Good IntentionsBrown Boy
68%
The IntroductionBrown Boy (2014)
68%
Perfect TimingPerfect Timing (Intro)
68%
RecklessFreshman List
64%
Bad HabitsHabits
64%
NAVSome Way
64%
Perfect TimingDid You See Nav?
59%
Emergency TsunamiDon't Need Friends
59%
Good IntentionsGood Intentions (Intro)
59%
Perfect TimingHit
59%
NAVMariah
59%
Perfect TimingNavUziMetro#Pt2
59%
The IntroductionTTD (Ten Toes Down)
59%
The IntroductionUp
59%
RecklessWanted You
59%
Good IntentionsRecap
55%
Demons Protected by AngelsDead Shot
50%
RecklessEat
50%
RecklessFaith
50%
Demons Protected by AngelsNever Sleep
50%
Demons Protected by AngelsOne Time
50%
RecklessReckless Intro
50%
Good IntentionsSaint Laurenttt
50%
Bad HabitsVicodin
50%
Demons Protected by AngelsWrong Decisions
50%
Emergency TsunamiYoung Wheezy
50%
Bad Habits8 to a 4
45%
Brown Boy 2Bag
45%
Brown Boy 2Chirp
45%
Good IntentionsCodeine
45%
Bad HabitsKnow Me
45%
Demons Protected by AngelsLost Me
45%
Good IntentionsMy Business
45%
Perfect TimingRich
45%
Bad HabitsWhy You Crying Mama
45%
Bad HabitsAthlete
41%
Demons Protected by AngelsBaby
41%
Perfect TimingBoth Sides
41%
Perfect TimingBring It Back
41%
Bad HabitsDior Runners
41%
RecklessGlow Up
41%
RecklessHold Your Hand
41%
Perfect TimingI Am
41%
Brown Boy 2I'm Up
41%
RecklessJust Happened
41%
NAVLonely
41%
Emergency TsunamiModest
41%
Good IntentionsMy Space
41%
Good IntentionsNo Debate
41%
Bad HabitsPrice on My Head
41%
Bad HabitsRack in My Sleep
41%
Bad HabitsRalo
41%
Good IntentionsRun It Up
41%
Emergency TsunamiTurn & Twist
41%
Bad HabitsTussin
41%
RecklessWhat I Need / Daheala Outro
41%
Demons Protected by AngelsBall in Peace (Outro)
36%
Good IntentionsCoast to Coast
36%
Brown Boy 2Extra
36%
Emergency TsunamiFriends & Family
36%
NAVGood for It
36%
NAVInterlude
36%
Demons Protected by AngelsInterstellar
36%
Demons Protected by AngelsLast of the Mohicans
36%
RecklessNever Change
36%
Good IntentionsNo Ice
36%
Bad HabitsOK
36%
The IntroductionOver
36%
Good IntentionsOverdose
36%
Brown Boy 2Pine Soul
36%
Emergency TsunamiRepercussions
36%
Good IntentionsSpend It
36%
Good IntentionsStatus
36%
Emergency TsunamiStella McCartney
36%
Bad HabitsStuck with Me
36%
Bad HabitsTension
36%
The IntroductionThe Man
36%
Bad HabitsTime Piece
36%
Bad HabitsTo My Grave
36%
Emergency TsunamiTrains
36%
RecklessWith Me
36%
Bad HabitsAmazing
32%
Emergency TsunamiBreaking News Intro
32%
Emergency TsunamiBreaking News Outro
32%
Demons Protected by AngelsCount on Me (Intro)
32%
Demons Protected by AngelsDemons in My Cup
32%
Emergency TsunamiDo Ya Deed
32%
Bad HabitsGo to Hell
32%
Bad HabitsHold Your Breath
32%
Perfect TimingI Don't Care
32%
Bad HabitsI'm Ready
32%
New SingleLately
32%
Demons Protected by AngelsLoaded
32%
Demons Protected by AngelsMismatch
32%
Demons Protected by AngelsMy Dawg
32%
NAVMy Mind
32%
Emergency TsunamiNasty
32%
Perfect TimingNeed Some
32%
Bad HabitsNever Know
32%
Emergency TsunamiPickney
32%
Demons Protected by AngelsPlaya
32%
Bad HabitsSnap
32%
Bad HabitsTaking Chances
32%
Brown Boy 2Yessir
32%
Demons Protected by AngelsDestiny
27%
Brown Boy 2Free Santana
27%
Perfect TimingHeld Me Down
27%
Emergency TsunamiMake It Right Back
27%
The IntroductionNothing on You
27%
Brown Boy 2No Time
27%
Good IntentionsProud of Me?
27%
Brown Boy 2Relax
27%
Demons Protected by AngelsReset
27%
Emergency TsunamiVetement Socks
27%
Demons Protected by AngelsWeirdo
27%
Perfect TimingYou Know
27%
Brown Boy 2Ain't Goin Back
23%
Demons Protected by AngelsDon't Compare
23%
Emergency TsunamiDroppin Tears
23%
Good IntentionsShe Hurtin
23%
Good IntentionsDid You Wrong
18%
Brown Boy 2Heat
18%
The IntroductionMission
18%
The IntroductionOn My Own
18%
SinglePainless 2
18%
The IntroductionShe Know
18%
NAVSleep
18%
Brown Boy 2Two Face
18%
Brown Boy 2Frequently
14%
Brown Boy 2Sprite Clean
14%
The IntroductionTake Me Simple
14%
The IntroductionMake Your Mind Up
9%
The IntroductionFall in Love
5%

Score Distribution

Percentile by Number Answered

Percent of People with Each Score

Your Score History

You have not taken this quiz since the last reset